Catalog

Record Details

Catalog Search



Boží duha  Cover Image Book Book

Boží duha / Jaroslav Durych

Summary:

Balada v próze o setkání dvou lidí, mladé ženy a starého muže, v opuštěném pohraničí zřejmě hned po válce. Dochází k trýznivému střetnutí, v němž jedna, trapičská stránka mužova charakteru nutí ženu k výpovědi o jejím minulém utrpení, zatímco druhá stránka mužovy povahy pomáhá oběma minulost překonat a najít cestu společného dorozumění. Prolínání protikladů stáří a mládí, smyslů a ducha, lidské konečnosti a věčnosti, životního utrpení a pocitu životní krásy vytváří přízračně působivou atmosféru. Tato novela, autorem dokončená r. 1955, nebyla dosud nikde publikována.

Record details

  • Physical Description: 137, [3] s. ; 20 cm
  • Edition: 1. vyd.
  • Publisher: Praha : Československý spisovatel, 1969

Content descriptions

General Note:
Pozn.
Obálka a vazba Oldřich Hlavsa
12000 výt.

Available copies

  • 2 of 2 copies available at Common Catalog SPOK.

Holds

  • 0 current holds with 2 total copies.
Show Only Available Copies
Location Call Number / Copy Notes Barcode Shelving Location Status Due Date
Jabok Library BL-1/Du 424480006172 Beletrie Available -
Jabok Library BL-1/Du 424480017069 Beletrie Available -

LDR 01520nam a22002891a 4500
001938
003CZ-PrJAB
00520220414083041.0
007ta
008971117s1969 xr 000 | cze
015 . ‡acnb000124676
020 . ‡q(Váz.)
035 . ‡a(CZ PrNK)bk196902502
035 . ‡a(OCoLC)85223471
040 . ‡aABA001 ‡bcze ‡cABA001 ‡dABA001
080 . ‡a885-321.2 ‡2undef
1001 . ‡aDurych, Jaroslav, ‡d1886-1962 ‡7jk01023358 ‡4aut
24510. ‡aBoží duha / ‡cJaroslav Durych
250 . ‡a1. vyd.
260 . ‡aPraha : ‡bČeskoslovenský spisovatel, ‡c1969 ‡e(Vimperk : ‡fStráž)
300 . ‡a137, [3] s. ; ‡c20 cm
500 . ‡aPozn.
500 . ‡aObálka a vazba Oldřich Hlavsa
500 . ‡a12000 výt.
520 . ‡aBalada v próze o setkání dvou lidí, mladé ženy a starého muže, v opuštěném pohraničí zřejmě hned po válce. Dochází k trýznivému střetnutí, v němž jedna, trapičská stránka mužova charakteru nutí ženu k výpovědi o jejím minulém utrpení, zatímco druhá stránka mužovy povahy pomáhá oběma minulost překonat a najít cestu společného dorozumění. Prolínání protikladů stáří a mládí, smyslů a ducha, lidské konečnosti a věčnosti, životního utrpení a pocitu životní krásy vytváří přízračně působivou atmosféru. Tato novela, autorem dokončená r. 1955, nebyla dosud nikde publikována.
910 . ‡aABG312
901 . ‡a938 ‡bUnknown ‡c938 ‡tbiblio

Additional Resources